The wizard test / (Record no. 9523)

MARC details
000 -LEADER
fixed length control field 01354cam a2200397 a 4500
001 - CONTROL NUMBER
control field 9523
003 - CONTROL NUMBER IDENTIFIER
control field FISKH
005 - DATE AND TIME OF LATEST TRANSACTION
control field 20260119095100.0
008 - FIXED-LENGTH DATA ELEMENTS--GENERAL INFORMATION
fixed length control field 040204s2004 nyu c 000 1 eng
010 ## - LIBRARY OF CONGRESS CONTROL NUMBER
LC control number 2004002305
020 ## - INTERNATIONAL STANDARD BOOK NUMBER
International Standard Book Number 0060599405
020 ## - INTERNATIONAL STANDARD BOOK NUMBER
International Standard Book Number 0060599413
Qualifying information lib. bdg.
020 ## - INTERNATIONAL STANDARD BOOK NUMBER
International Standard Book Number 9780060599409
020 ## - INTERNATIONAL STANDARD BOOK NUMBER
International Standard Book Number 9780060599423
020 ## - INTERNATIONAL STANDARD BOOK NUMBER
International Standard Book Number 9780060599416
Qualifying information (lib. bdg.)
035 ## - SYSTEM CONTROL NUMBER
System control number 13479292
040 ## - CATALOGING SOURCE
Original cataloging agency DLC
Transcribing agency DLC
Modifying agency DLC
Language of cataloging eng
050 ## - LIBRARY OF CONGRESS CALL NUMBER
Classification number PZ7.B38894 W
082 ## - DEWEY DECIMAL CLASSIFICATION NUMBER
Classification number 173
100 1# - MAIN ENTRY--PERSONAL NAME
Personal name Bell, Hilari.
245 14 - TITLE STATEMENT
Title The wizard test /
Statement of responsibility, etc. Hilari Bell.
260 ## - PUBLICATION, DISTRIBUTION, ETC.
Place of publication, distribution, etc. New York :
Name of publisher, distributor, etc. Eos,
Date of publication, distribution, etc. 2005
300 ## - PHYSICAL DESCRIPTION
Extent 166 pages :
Dimensions 20 cm
505 ## - FORMATTED CONTENTS NOTE
Formatted contents note R<br/>
520 ## - SUMMARY, ETC.
Summary, etc. Fourteen year-old Dayven is devastated when he learns he has wizard powers, since wizards are considered to be disloyal deceivers who believe in nothing, until he undergoes wizard training and discovers a new way of looking at the world that will change his values, friendships, and future.
521 8# - TARGET AUDIENCE NOTE
Target audience note 720<br/>
Source Lexile estimate<br/>
521 8# - TARGET AUDIENCE NOTE
Target audience note R<br/>
Source Raz-Plus<br/>
650 #1 - SUBJECT ADDED ENTRY--TOPICAL TERM
Topical term or geographic name entry element Wizards
Form subdivision Fiction.
650 #1 - SUBJECT ADDED ENTRY--TOPICAL TERM
Topical term or geographic name entry element Perception
Form subdivision Fiction.
650 #1 - SUBJECT ADDED ENTRY--TOPICAL TERM
Topical term or geographic name entry element Friendship
Form subdivision Fiction.
650 #1 - SUBJECT ADDED ENTRY--TOPICAL TERM
Topical term or geographic name entry element Fantasy.
655 #7 - INDEX TERM--GENRE/FORM
Genre/form data or focus term Fiction.
Source of term lcgft
Authority record control number or standard number https://id.loc.gov/authorities/genreForms/gf2014026339
906 ## - LOCAL DATA ELEMENT F, LDF (RLIN)
a 7
b cbc
c orignew
d 1
e ecip
f 20
g y-gencatlg
942 ## - ADDED ENTRY ELEMENTS (KOHA)
Source of classification or shelving scheme Dewey Decimal Classification
Koha item type Books
Suppress in OPAC No
Holdings
Withdrawn status Lost status Source of classification or shelving scheme Damaged status Not for loan Collection Home library Current library Shelving location Date acquired Total Checkouts Full call number Barcode Date last seen Copy number Price effective from Koha item type
    Dewey Decimal Classification     Juvenile Fiction Footprints International School Library Network Toul Tom Poung Campus Footprints International School Library Network Toul Tom Poung Campus TTP Primary Orange Bookshelves 01/19/2026   BEL 173 PZ7.B38894 W FIS00012 01/19/2026 1 01/19/2026 Books